<?xml version="1.0" encoding="UTF-8"?>
<collection xmlns="http://www.loc.gov/MARC21/slim">
 <record>
  <leader>01052nab a2200181 i 4500</leader>
  <controlfield tag="001">misc41757</controlfield>
  <controlfield tag="005">20191106140435.0</controlfield>
  <controlfield tag="008">180706s2015    hu      o     0||   zxx d</controlfield>
  <datafield tag="022" ind1=" " ind2=" ">
   <subfield code="a">1215-5233</subfield>
  </datafield>
  <datafield tag="040" ind1=" " ind2=" ">
   <subfield code="a">SZTE Miscellanea Repozitórium</subfield>
   <subfield code="b">hun</subfield>
  </datafield>
  <datafield tag="041" ind1=" " ind2=" ">
   <subfield code="a">zxx</subfield>
  </datafield>
  <datafield tag="100" ind1="2" ind2=" ">
   <subfield code="a">Forray R. Katalin</subfield>
  </datafield>
  <datafield tag="245" ind1="1" ind2="0">
   <subfield code="a">Cigány rulett</subfield>
   <subfield code="h">[elektronikus dokumentum] /</subfield>
   <subfield code="c"> Forray R. Katalin</subfield>
  </datafield>
  <datafield tag="260" ind1=" " ind2=" ">
   <subfield code="c">2015</subfield>
  </datafield>
  <datafield tag="300" ind1=" " ind2=" ">
   <subfield code="a">94-97</subfield>
  </datafield>
  <datafield tag="490" ind1="0" ind2=" ">
   <subfield code="a">Iskolakultúra</subfield>
   <subfield code="v">25 No. 10</subfield>
  </datafield>
  <datafield tag="520" ind1="3" ind2=" ">
   <subfield code="a">A kétezres évek végén megrázó sorozatgyilkosságok történtek: cigányokat gyilkoltak. Miért tették? Milyen haszonnal kecsegtettek a szörnyű tettek? Morális okokból – a közélet megtisztítása érdekében –, szórakozás helyett vagy voltak egyéb indokok is? Mindezt nem tudjuk máig sem, amikor a tettesek fellelése és megbüntetése érdekében már lezárultak a perek. A közelmúltban perújrafelvételről szólnak a hírek. Talán nem sikerült mindent tisztázni?</subfield>
  </datafield>
  <datafield tag="856" ind1="4" ind2="0">
   <subfield code="u">http://misc.bibl.u-szeged.hu/41757/1/EPA00011_iskolakultura_2015_10_11.pdf</subfield>
   <subfield code="z">Dokumentum-elérés </subfield>
  </datafield>
 </record>
</collection>
